000 00591nam a22002177a 4500
005 20241212094816.0
008 241212b ||||| |||| 00| 0 eng d
040 _cAL
041 _aEnglish
082 _223
_a349.42
_bMACH
100 _aMackay
_9190015
245 _aHalsburys Laws of England: Vol 49(1)
250 _a4.
260 _aUK
_bLexis Nexis
_c2005
300 _a789 p.
_bHB
_c25x16 cm.
365 _a1061
_b₹4962.80
_c
_d₹6845.24
_e27%
_f28-11-2024
440 _aVolume 49 (1)
_9190016
650 _aLaw
_9190017
650 _aValue Addes Tax
_9190018
942 _2ddc
_cBI
999 _c232626
_d232626